| 000 | 00596nam a22002177a 4500 | ||
|---|---|---|---|
| 003 | OSt | ||
| 005 | 20160521133843.0 | ||
| 008 | 160521b xxu||||| |||| 00| 0 eng d | ||
| 020 | _a0781750075 | ||
| 040 | _cDNLM | ||
| 082 | _aWH100 T845c 2004 | ||
| 100 |
_aTurgeon, Mary L. _93304 |
||
| 245 | _aClinical Hematology: theory and procedures | ||
| 250 | _a4th ed. | ||
| 260 | _aPhiladelphia; Lippincott, 2004 | ||
| 300 | _aix,570p; col.ill: 28cm | ||
| 504 | _aGlossary, appendice, & index included | ||
| 650 |
_aHematology _9890 |
||
| 651 |
_aLaboratory diagnosis _98879 |
||
| 942 |
_2z _cO_SHELF |
||
| 999 |
_c4114 _d4114 |
||